Pasión intacta: ensayos 1978-1995
Guardat en:
| Autor principal: | |
|---|---|
| Format: | Llibre |
| Idioma: | espanyol |
| Publicat: |
Madrid
Ediciones Siruela
2001
|
| Edició: | 4a. ed |
| Col·lecció: | Serie Mayor. Biblioteca de Ensayo, 5
|
| Matèries: | |
| Etiquetes: |
Afegir etiqueta
Sense etiquetes, Sigues el primer a etiquetar aquest registre!
|
MARC
| LEADER | 00000cam a2200000 a 4500 | ||
|---|---|---|---|
| 001 | UCE9721 | ||
| 003 | CL-VaPUC | ||
| 008 | 151106e20010000sp |||||||||||||||||spa|d | ||
| 020 | |a 9788478443665 | ||
| 082 | 0 | 4 | |a 844 |b STE |2 21 |
| 100 | 0 | |a Steiner, George |e author |9 582612 | |
| 245 | 1 | 0 | |a Pasión intacta: ensayos 1978-1995 |
| 250 | |a 4a. ed | ||
| 300 | |a 505 p | ||
| 942 | |c BK | ||
| 945 | |d 20151106 14:16:00 |a dcastane | ||
| 260 | |a Madrid |b Ediciones Siruela |c 2001 | ||
| 650 | 0 | |a Ensayos franceses |9 265511 | |
| 583 | |a last modification |c 20151106 14:16:00 |k Rodrigo Vera | ||
| 490 | 0 | |a Serie Mayor. Biblioteca de Ensayo, 5 | |
| 999 | |c 361366 |d 361364 | ||
| 952 | |0 0 |1 0 |3 erb |4 0 |6 844_000000000000000_STE_2001 |7 0 |8 R |9 471808 |a BIBEDU |b BIBEDU |i 5246733 |o 844 STE 2001 |p 5246733 |r 2019-11-24 |w 2019-11-24 |y BK_R |z Catalogado en:20151106 |k LIT | ||